000 00854nam a2200229 i 4500
001 147253
003 ES-MaACL
007 t|
008 070925q1984 sp ||||1| spa d
100 1 _aTzonis, Alexander.
_9111816
245 1 3 _aEl clasicismo en arquitectura
_b: la poética del orden /
_cAlexander Tzonis, Liane Lefaivre, Denis Bilodeau ; prólogo de Antonio Fernández Alba ; [traducción Jorge Sáinz Avia].
260 _a[Madrid] :
_bHermann Blume,
_c[1984]
300 _a215 p. :
_bil. ;
_c21 cm.
490 1 _aBiblioteca Básica de Arquitectura
700 1 _aLefaivre, Liane.
_971217
700 1 _aBilodeau, Denis.
_928898
700 1 _aFernández Alba, Antonio.
_949442
700 1 _aSáinz Avia, Jorge.
_9101576
830 0 _aBiblioteca Básica de Arquitectura
_9181390
852 _aES-MaACL
_jL-7134
_bR.107742
999 _c147253
_d147253